000
00282nam a22001337a 4500
082
_a
492
100
_a
Abdul Raheem
245
_a
Daroose e awal Part 2.
260
_a
Islamabad
_b
Darul Ilm
300
_a
224 p.
650
_a
Arabic language.
700
_a
Abdul Raheem
942
_c
BK
999
_c
11461
_d
11461